| 000 | 00000nam 2200000zi 4500 |
| 001 | 9.877387 |
| 003 | CaOODSP |
| 005 | 20231018104302 |
| 006 | m o d f |
| 007 | cr cn||||||||| |
| 008 | 190801t20202020onca ob f000 0 fre d |
| 020 | |a9780660320762 |
| 040 | |aCaOODSP|bfre|erda|cCaOODSP |
| 043 | |an-cn--- |
| 086 | 1 |aHP15-30/3-2019F-PDF |
| 245 | 00|aChapitre 3 : |bsoins pendant la grossesse. |
| 246 | 30|aSoins pendant la grossesse |
| 246 | 17|aSoins à la mère et au nouveau-né dans une perspective familiale : |blignes directrices nationales |
| 264 | 1|aOttawa (Ontario) : |bAgence de la santé publique du Canada = Public Health Agency of Canada, |c2020. |
| 264 | 4|c©2020 |
| 300 | |a1 ressource en ligne (88 pages) |
| 336 | |atexte|btxt|2rdacontent/fre |
| 337 | |ainformatique|bc|2rdamedia/fre |
| 338 | |aressource en ligne|bcr|2rdacarrier/fre |
| 500 | |aPublié aussi en anglais sous le titre : Chapter 3: care during pregnancy. |
| 500 | |a« Date de publication : janvier 2020. » |
| 500 | |a« Pub. : 190248. » |
| 500 | |aPublié aussi en format HTML. |
| 504 | |aComprend des références bibliographiques (pages 78-88). |
| 530 | |aÉgalement publié en version imprimée. |
| 650 | 6|aSoins prénatals|zCanada. |
| 710 | 2 |aAgence de santé publique du Canada. |
| 775 | 08|tChapter 3 : |w(CaOODSP)9.877384 |
| 776 | 0#|tChapitre 3 : |w(CaOODSP)9.877390 |
| 794 | |tChapitre 3 : |w(CaOODSP)9.928996 |
| 856 | 40|qPDF|s11.34 Mo|uhttps://publications.gc.ca/collections/collection_2020/aspc-phac/HP15-30-3-2019-fra.pdf |
| 856 | 4 |qHTML|sS.O.|uhttps://www.canada.ca/fr/sante-publique/services/publications/vie-saine/soins-meres-nouveau-ne-lignes-directrices-nationales-chapitre-3.html |